<?xml version="1.0" encoding="UTF-8"?>
<record
    xmlns:xsi="http://www.w3.org/2001/XMLSchema-instance"
    xsi:schemaLocation="http://www.loc.gov/MARC21/slim http://www.loc.gov/standards/marcxml/schema/MARC21slim.xsd"
    xmlns="http://www.loc.gov/MARC21/slim">

  <leader>00931nam a2200217Ia 4500</leader>
  <controlfield tag="008">220820s9999    xx            000 0 und d</controlfield>
  <datafield tag="020" ind1=" " ind2=" ">
    <subfield code="a">97872200908137220090811</subfield>
  </datafield>
  <datafield tag="041" ind1=" " ind2=" ">
    <subfield code="a">chi</subfield>
    <subfield code="h">dut</subfield>
  </datafield>
  <datafield tag="050" ind1=" " ind2=" ">
    <subfield code="a">BT127 </subfield>
    <subfield code="b">.B312 2014</subfield>
  </datafield>
  <datafield tag="100" ind1=" " ind2=" ">
    <subfield code="a">Bavinck, Herman </subfield>
  </datafield>
  <datafield tag="245" ind1=" " ind2="0">
    <subfield code="a">&#x542F;&#x793A;&#x7684;&#x54F2;&#x5B66;</subfield>
    <subfield code="b">/</subfield>
    <subfield code="c">&#x8D6B;&#x5C14;&#x66FC;&#xB7;&#x5DF4;&#x6587;&#x514B; (Herman Bavinck) &#x8457;; &#x8D75;&#x521A;&#x8BD1;</subfield>
  </datafield>
  <datafield tag="246" ind1=" " ind2=" ">
    <subfield code="a">&#x555F;&#x793A;&#x7684;&#x54F2;&#x5B78;</subfield>
    <subfield code="b">/</subfield>
  </datafield>
  <datafield tag="260" ind1=" " ind2=" ">
    <subfield code="a">&#x6210;&#x90FD; : </subfield>
    <subfield code="b">&#x56DB;&#x5DDD;&#x4EBA;&#x6C11;&#x51FA;&#x7248;&#x793E;, </subfield>
    <subfield code="c">2014</subfield>
  </datafield>
  <datafield tag="300" ind1=" " ind2=" ">
    <subfield code="a">[8], 257 p. </subfield>
    <subfield code="b">; </subfield>
    <subfield code="c">21 cm.</subfield>
  </datafield>
  <datafield tag="490" ind1=" " ind2=" ">
    <subfield code="a">&#x6587;&#x8ED2;&#x51FA;&#x54C1;</subfield>
  </datafield>
  <datafield tag="500" ind1=" " ind2=" ">
    <subfield code="a">Translation of: The philosophy of revelation.</subfield>
  </datafield>
  <datafield tag="505" ind1=" " ind2=" ">
    <subfield code="a">The idea of a philosophy of revelation -- Revelation and philosophy -- Revelation and nature -- Revelation and history -- Revelation and religion -- Revelation and Christianity -- Revelation and religious experience -- Revelation and culture -- Revelation and the future.</subfield>
  </datafield>
  <datafield tag="650" ind1=" " ind2=" ">
    <subfield code="a">Revelation.</subfield>
  </datafield>
  <datafield tag="700" ind1=" " ind2=" ">
    <subfield code="a">&#x8D6B;&#x5C14;&#x66FC;&#xB7;&#x5DF4;&#x6587;&#x514B;&#x8D75;&#x521A;</subfield>
  </datafield>
  <datafield tag="952" ind1=" " ind2=" ">
    <subfield code="0">0</subfield>
    <subfield code="1">0</subfield>
    <subfield code="4">0</subfield>
    <subfield code="7">0</subfield>
    <subfield code="a">GETS</subfield>
    <subfield code="b">GETS</subfield>
    <subfield code="c"> GEN</subfield>
    <subfield code="d">2022-08-20</subfield>
    <subfield code="l">1</subfield>
    <subfield code="o">BT127 .B312 2014</subfield>
    <subfield code="p">00028954</subfield>
    <subfield code="r">2022-11-29 00:00:00</subfield>
    <subfield code="s">2022-11-07</subfield>
    <subfield code="w">2022-08-20</subfield>
    <subfield code="y">CB</subfield>
  </datafield>
  <datafield tag="952" ind1=" " ind2=" ">
    <subfield code="0">0</subfield>
    <subfield code="1">0</subfield>
    <subfield code="4">0</subfield>
    <subfield code="7">0</subfield>
    <subfield code="a">GETS</subfield>
    <subfield code="b">GETS</subfield>
    <subfield code="c"> GEN</subfield>
    <subfield code="d">2022-11-09</subfield>
    <subfield code="l">0</subfield>
    <subfield code="o">BT127 .B312 2014</subfield>
    <subfield code="p">00029169</subfield>
    <subfield code="r">2022-11-09 00:00:00</subfield>
    <subfield code="w">2022-11-09</subfield>
    <subfield code="y">CB</subfield>
  </datafield>
  <datafield tag="999" ind1=" " ind2=" ">
    <subfield code="c">40848</subfield>
    <subfield code="d">40848</subfield>
  </datafield>
</record>
